Código penal. Sistematizado con jurisprudencia.

Saved in:
Bibliographic Details
Corporate Author: Equipo Editorial Thomson Reuters
Format: Unknown
Language:English
Published: Santiago, Chile: Legal Publishing; Thomson Reuters, 2020
Edition:Cuarta edición.
Subjects:
Tags: Add Tag
No Tags, Be the first to tag this record!

MARC

LEADER 00000 a2200000 4500
003 CL-VaPUC
005 20250423114922.0
008 210107e2020 ||||| |||| 00| 0 eng d
999 |c 432489  |d 432487 
020 |a 978-956-400-155-5 
040 |c Pontificia Universidad Católica de Valparaíso 
082 0 4 |a 345.83 COD 2020  |2 21 
110 1 |a Equipo Editorial Thomson Reuters  |9 861460 
245 1 0 |a Código penal. Sistematizado con jurisprudencia. 
250 |a Cuarta edición.   |b Actualizada al 30 de junio de 2020 
260 |a Santiago, Chile:  |b Legal Publishing;  |b Thomson Reuters,  |c 2020 
300 |a 966 páginas  
583 |k Cristina Rojas  |c 20210107 
650 0 |a Derecho penal chileno  |9 902319 
650 0 |a Código penal chileno  |9 484032 
650 0 |a Jurisprudencia penal  |9 256149 
852 |a BIBCUR 
942 |2 ddc  |c BK 
952 |0 0  |1 0  |2 ddc  |4 0  |6 345_830000000000000_COD_2020  |7 0  |8 F  |9 577436  |a BIBDER  |b BIBDER  |d 2021-01-06  |e 31  |g 0.00  |i 5581850  |l 8  |o 345.83 COD 2020  |p 5581850  |r 2024-10-15  |s 2024-10-15  |t 1  |v 0.00  |w 2021-01-06  |y BK  |k DER